000 01361nam0a22003491 4500
001 v19\rc\1397287
005 20060512124904.5
035 _a(NLR Aleph) 004528396
090 _a1834708
_c1834708
100 _a20060512e18711871|||y0rusy50 ca
101 0 _arus
102 _aRU
105 _ay z |||||
200 1 _aПоездка к барону Н.А. Корфу
_f[Чл. Моск. ком. грамотности, Владимир Кашин]
210 _a[Москва]
_cУнив. тип.
_dценз. 1871
215 _a38 с.
_d14
300 _aАвт. указан в конце текста
309 _aБез тит. л. и обл.
311 _aОтт. из "Соврем. летописи". 1871, № 1, 2
488 0 _12001#$aСовременная летопись$v1871, № 1, 2
_tСовременная летопись
532 1 0 _aПоездка к барону Николаю Александровичу Корфу
700 1 _aКашин
_bВ. С.
_f-1891
_gВладимир Северинович
702 1 _aКорф
_bН. А.
_f1834-1883
_gНиколай Александрович
_4570
801 0 _aRU
_bNLR
_gpsbo
801 0 _aRU
_bRuMoRGB
_2psbo
801 1 _aRU
_bProSoft-M
_2rusmarc
852 _aNLR
_j18.118.6.195
899 _aRuMoRGB
_jF 60/156
899 _aБАН
899 _aГПИБ
942 _cBOOK
980 _aNB